<?xml version="1.0" encoding="UTF-8"?>
<record
    xmlns:xsi="http://www.w3.org/2001/XMLSchema-instance"
    xsi:schemaLocation="http://www.loc.gov/MARC21/slim http://www.loc.gov/standards/marcxml/schema/MARC21slim.xsd"
    xmlns="http://www.loc.gov/MARC21/slim">

  <leader>02228agaaa2200349   4500</leader>
  <controlfield tag="001">9057</controlfield>
  <controlfield tag="003">IT-RoPAU</controlfield>
  <controlfield tag="005">20220918181246.0</controlfield>
  <controlfield tag="007">d cvaizq</controlfield>
  <controlfield tag="008">50131s9999||||xx ||| |     ||   ||und||</controlfield>
  <datafield tag="040" ind1=" " ind2=" ">
    <subfield code="a">IT-RoPAU</subfield>
    <subfield code="c">IT-RoPAU</subfield>
  </datafield>
  <datafield tag="041" ind1=" " ind2=" ">
    <subfield code="a">ITALIANO</subfield>
  </datafield>
  <datafield tag="100" ind1=" " ind2=" ">
    <subfield code="a">Fassbinder Rainer Werner</subfield>
    <subfield code="g">Codice regista SPICS: 6794</subfield>
    <subfield code="9">47089</subfield>
  </datafield>
  <datafield tag="130" ind1=" " ind2=" ">
    <subfield code="a">LILI MARLEEN</subfield>
    <subfield code="9">47090</subfield>
  </datafield>
  <datafield tag="240" ind1=" " ind2=" ">
    <subfield code="a">LILI MARLEEN</subfield>
    <subfield code="g">T1945</subfield>
  </datafield>
  <datafield tag="245" ind1=" " ind2=" ">
    <subfield code="a">LILI MARLEEN</subfield>
    <subfield code="c">Prodotto da: Waldleitner Luggi -- Sceneggiatura: Purzer Manfred Fassbinder Rainer Werner -- Diretto da: Fassbinder Rainer Werner</subfield>
    <subfield code="p">LILI MARLEEN (Rif. Codice opera principale : 29057)</subfield>
  </datafield>
  <datafield tag="246" ind1=" " ind2=" ">
    <subfield code="a">LILI MARLEEN</subfield>
  </datafield>
  <datafield tag="250" ind1=" " ind2=" ">
    <subfield code="a">Edizione Standard</subfield>
  </datafield>
  <datafield tag="260" ind1=" " ind2=" ">
    <subfield code="a">MONACO - BERLINO (GERMANIA OCCID.)</subfield>
    <subfield code="b">ROXY FILM - CIP FILM / Distribuzione: RAI</subfield>
    <subfield code="g">"1980 (1&#xB0; ed.: 1985 ; Ed. Lingua Orig.: 1980)"</subfield>
  </datafield>
  <datafield tag="300" ind1=" " ind2=" ">
    <subfield code="a">VHS</subfield>
    <subfield code="b">sonoro, col.</subfield>
    <subfield code="c">110 minuti</subfield>
  </datafield>
  <datafield tag="508" ind1=" " ind2=" ">
    <subfield code="a">"Fotografia: Schwarzenberger Xave; Montaggio: Lorenz Juliane; Musica: Raben Peer; Sceneggiatura: Purzer Manfred Fassbinder Rainer Werner; Scenografia: Strabel Herbert; Coreografia: Gackstetter Dieter; Soggetto: Purzer Manfred -- Fassbinder Rainer Werner"</subfield>
  </datafield>
  <datafield tag="511" ind1=" " ind2=" ">
    <subfield code="a">"Schygulla Hanna; Giannini Giancarlo; Ferrer Mel; Bohn Hark; Kier Udo; Hoven Adrian"</subfield>
  </datafield>
  <datafield tag="520" ind1=" " ind2=" ">
    <subfield code="a">LA VICENDA E' AMBIENTATA A ZURIGO NEL 1938 STORIA DI UNA GIOVANE CANTANTE DI CABARET IN CERCA DI SUCCESSO CAMPI DI STERMINIO NAZISTI IN POLONIA COLLABORAZIONE CON LA RESISTENZA GUERRA GRANDE AMORE IPOCRISIA FILM A COLORILA CANZONE LILI MARLEEN E' DI NORBERT SCHULTZE TESTO DI HANS LEIPSINFONIA N.8 DI GUSTAV MAHLER ESEGUITA DALLA CHICAGO SYMPHONY ORCHESTRA DIRETTA DA SIR GEORG SOLTIIL COPIONE E' STATO CREATO UTILIZZANDO IL ROMANZO IL CIELO HA UN'INFINITA'DI COLORI DI LALE ANDERSEN</subfield>
  </datafield>
  <datafield tag="538" ind1=" " ind2=" ">
    <subfield code="a">PAL, STEREO</subfield>
  </datafield>
  <datafield tag="546" ind1=" " ind2=" ">
    <subfield code="a">ITALIANO</subfield>
  </datafield>
  <datafield tag="650" ind1=" " ind2=" ">
    <subfield code="a">DRAMMATICO</subfield>
    <subfield code="e">FILMS [VHS]</subfield>
    <subfield code="x">Codice MATERIA SPICS: 9960</subfield>
    <subfield code="9">34083</subfield>
  </datafield>
  <datafield tag="700" ind1=" " ind2=" ">
    <subfield code="a">Fassbinder Rainer Werner </subfield>
    <subfield code="e">(regista)</subfield>
    <subfield code="g">Codice regista SPICS: 6794</subfield>
    <subfield code="9">47091</subfield>
  </datafield>
  <datafield tag="700" ind1=" " ind2=" ">
    <subfield code="a">Fassbinder Rainer Werner </subfield>
    <subfield code="e">(soggetto)</subfield>
    <subfield code="g">Codice Soggetto 2&#xB0; SPICS: 6794</subfield>
    <subfield code="9">47092</subfield>
  </datafield>
  <datafield tag="700" ind1=" " ind2=" ">
    <subfield code="a">Purzer Manfred </subfield>
    <subfield code="e">(soggetto)</subfield>
    <subfield code="g">Codice Soggetto SPICS: 31160</subfield>
    <subfield code="9">47093</subfield>
  </datafield>
  <datafield tag="700" ind1=" " ind2=" ">
    <subfield code="a">Raben Peer</subfield>
    <subfield code="e">(musica)</subfield>
    <subfield code="g">Codice Musica SPICS: 30736</subfield>
    <subfield code="9">47094</subfield>
  </datafield>
  <datafield tag="942" ind1=" " ind2=" ">
    <subfield code="c">VH</subfield>
    <subfield code="2">ddc</subfield>
  </datafield>
  <datafield tag="999" ind1=" " ind2=" ">
    <subfield code="c">106477</subfield>
    <subfield code="d">106477</subfield>
  </datafield>
  <datafield tag="952" ind1=" " ind2=" ">
    <subfield code="0">0</subfield>
    <subfield code="1">0</subfield>
    <subfield code="4">0</subfield>
    <subfield code="6">29057_000000000000000</subfield>
    <subfield code="7">1</subfield>
    <subfield code="a">SPICS</subfield>
    <subfield code="b">SPICS</subfield>
    <subfield code="d">2015-01-31</subfield>
    <subfield code="l">0</subfield>
    <subfield code="o">29057</subfield>
    <subfield code="r">2015-01-31 00:00:00</subfield>
    <subfield code="w">2015-01-31</subfield>
    <subfield code="y">VH</subfield>
    <subfield code="z">Progr. Ins.: 1764 / N.Vol.:1 / Copie: 1 / Pag.: / Copia rara: NO / date import: 1.2.2015 / By Epidotti, Trombetti, Vaglietti</subfield>
  </datafield>
</record>
